000 00448nam a2200169 4500
003 SEACOMMC
005 20250508114738.0
008 250324b |||||||| |||| 00| 0 eng d
020 _a978-81-272-5241-0
_cRs.140.00
040 _aSEACOMMC
082 _a658.8
_bS 699
100 _aSontakki, C. N.
245 1 _aMarketing Management /
_c C. N. Sontakki
260 _a Kolkata
_b Kalyani Publishers
_c c2009
650 _a Management
942 _cBOOK
999 _c1141
_d1141